| Tag |
First Indicator |
Second Indicator |
Subfields |
| LEADER |
00000uam a2200000 a 4500 |
| 001 |
in00004247939 |
| 005 |
20260123210007.7 |
| 006 |
m o d |
| 007 |
cr cn |
| 008 |
160813s2008 xx o eng |
| 020 |
|
|
|z 9781604912371
|
| 035 |
|
|
|a (CaSebORM)9781604912371
|
| 040 |
|
|
|d UtOrBLW
|
| 041 |
0 |
|
|a eng
|
| 100 |
1 |
|
|a Hannum, Kelly,
|e author.
|0 http://id.loc.gov/authorities/names/n2003097086
|
| 245 |
1 |
0 |
|a Leadership in Action: Branching out: Social Identity Comes to the Forefront /
|c Hannum, Kelly.
|
| 264 |
|
1 |
|b Center for Creative Leadership,
|c 2008.
|
| 300 |
|
|
|a 1 online resource (5 pages)
|
| 336 |
|
|
|a text
|b txt
|2 rdacontent
|
| 337 |
|
|
|a computer
|b c
|2 rdamedia
|
| 338 |
|
|
|a online resource
|b cr
|2 rdacarrier
|
| 347 |
|
|
|a text file
|
| 520 |
|
|
|a Leaders can use an understanding of social identity to decrease their likelihood of misunderstanding others, increase their openness to different perspectives, and enhance their skill at accurately interpreting situations that call on their ability to lead.
|
| 533 |
|
|
|a Electronic reproduction.
|b Boston, MA :
|c Safari,
|n Available via World Wide Web.
|
| 538 |
|
|
|a Mode of access: World Wide Web.
|
| 542 |
|
|
|f Copyright © 2008 CCL
|
| 588 |
|
|
|a Online resource; Title from title page (viewed April 1, 2008)
|
| 500 |
|
|
|a Electronic resource.
|
| 655 |
|
7 |
|a Electronic books.
|2 local
|
| 710 |
2 |
|
|a Safari, an O'Reilly Media Company.
|
| 856 |
4 |
0 |
|u https://proxy.library.tamu.edu/login?url=https://go.oreilly.com/TAMU/library/view/-/9781604912371/?ar
|z Connect to this electronic resource
|t 0
|
| 999 |
f |
f |
|s 9dd58868-4c14-3cfb-ac0c-f72c4b5c9b30
|i 598924c0-bf5a-39ce-8359-9ddfe8575ae9
|t 0
|
| 952 |
f |
f |
|a Texas A&M University
|b College Station
|c Electronic Resources
|s www_evans
|d Available Online
|t 0
|h No information provided
|
| 998 |
f |
f |
|t 0
|l Available Online
|